Tribal life in Gujarat: an analytical study of the cultural changes with special (Record no. 22389)

MARC details
000 -LEADER
fixed length control field 00658nam a2200205Ia 4500
082 ## - DEWEY DECIMAL CLASSIFICATION NUMBER
Classification number 305.80095475 SHA-;
100 ## - MAIN ENTRY--AUTHOR NAME
Personal name Shah, P.G.
245 #0 - TITLE STATEMENT
Title Tribal life in Gujarat: an analytical study of the cultural changes with special
260 ## - PUBLICATION, DISTRIBUTION, ETC. (IMPRINT)
Place of publication Bombay
Name of publisher Gujarat Research Society
Year of publication 1964
300 ## - PHYSICAL DESCRIPTION
Number of Pages 344p.
504 ## - BIBLIOGRAPHY, ETC. NOTE
Bibliography, etc Includes Index
650 ## - SUBJECT ADDED ENTRY--TOPICAL TERM
Topical Term Gujarat - Ethnic relations - Economic aspects
650 ## - SUBJECT ADDED ENTRY--TOPICAL TERM
Topical Term Dhanka tribes - Gujarat
650 ## - SUBJECT ADDED ENTRY--TOPICAL TERM
Topical Term Tribes - Gujarat
650 ## - SUBJECT ADDED ENTRY--TOPICAL TERM
Topical Term Ethnology - Gujarat
650 ## - SUBJECT ADDED ENTRY--TOPICAL TERM
Topical Term Dhanka tribes - Social life and customs
650 ## - SUBJECT ADDED ENTRY--TOPICAL TERM
Topical Term Dhanka tribes - Folklore
650 ## - SUBJECT ADDED ENTRY--TOPICAL TERM
Topical Term Gujarat - Social conditions
942 ## - ADDED ENTRY ELEMENTS (KOHA)
Koha item type Books
Source of classification or shelving scheme Dewey Decimal Classification
Holdings
Withdrawn status Lost status Damaged status Not for loan Home library Current library Date acquired Full call number Accession Number Price effective from Koha item type
        NASSDOC Library NASSDOC Library 08/06/2004 305.80095475 SHA-; 1889 18/04/2019 Books
        NASSDOC Library NASSDOC Library 08/06/2004 305.80095475 SHA-; 1890 18/04/2019 Books